Cultura femenina / (Record no. 180787)
[ view plain ]
| 000 -LEADER | |
|---|---|
| campo de control de longitud fija | 00806nab a22002295i 4500 |
| 001 - NÚMERO DE CONTROL | |
| campo de control | 180787 |
| 003 - IDENTIFICADOR DE NÚMERO DE CONTROL | |
| campo de control | ES-MaACL |
| 005 - FECHA Y HORA DE LA ÚLTIMA TRANSACCIÓN | |
| campo de control | 20250902063116.0 |
| 008 - DATOS DE LONGITUD FIJA--INFORMACIÓN GENERAL | |
| campo de control de longitud fija | 120712s1913 sp c 000 s spa d |
| 100 1# - ENTRADA PRINCIPAL--NOMBRE DE PERSONA | |
| Nombre de persona | Karr, Carme, |
| Fechas asociadas al nombre | 1865-1943 |
| Término indicativo de función/relación | Autor |
| 9 (RLIN) | 150939 |
| 245 10 - MENCIÓN DEL TÍTULO | |
| Título | Cultura femenina / |
| Mención de responsabilidad, etc. | por Carmen Karr |
| 300 ## - DESCRIPCIÓN FÍSICA | |
| Extensión | Páginas 12-22 |
| 594 ## - Nota al título y mención de responsabilidad | |
| Nota al título y mención de responsabilidad | Precede al título: Conferencias del Ateneo de Madrid |
| 599 ## - NOTA A LAS ILUSTRACIONES | |
| NOTA A LAS ILUSTRACIONES | Retrato de la autora en portada |
| 610 24 - PUNTO DE ACCESO ADICIONAL DE MATERIA--NOMBRE DE ENTIDAD CORPORATIVA | |
| Nombre de entidad corporativa o nombre de jurisdicción como elemento de entrada | Ateneo de Madrid- |
| Subdivisión de forma | Conferencias- |
| Subdivisión cronológica | 1900-1939 |
| 9 (RLIN) | 1907 |
| 650 #7 - PUNTO DE ACCESO ADICIONAL DE MATERIA--TÉRMINO DE MATERIA | |
| Término de materia o nombre geográfico como elemento de entrada | Feminismo- |
| Subdivisión cronológica | S.XX |
| 9 (RLIN) | 149100 |
| 655 #4 - TERMINO DE INDIZACIÓN--GENERO/FORMA | |
| Datos o término principal de género/forma | Conferencias |
| 9 (RLIN) | 234444 |
| 773 0# - ASIENTO DE ITEM FUENTE | |
| Título | 'La Palabra : revista taquigráfica', |
| Número Internacional Normalizado para Publicaciones Seriadas | ISSN 2479-7723, |
| Parte(s) relacionada(s) | N. 9 (1 mayo 1913), p. 12-22 |
| Número de control del registro | 2879 |
| Número bibliográfico anfitrión | 2879 |
| Número de ítem anfitrión | 2987 |
| 942 ## - ELEMENTOS DE ENTRADA SECUNDARIOS (KOHA) | |
| Tipo de ítem Koha | Artículo de revista |
| Fuente del sistema de clasificación o colocación | Clasificación decimal universal |
| Suprimir en OPAC | No |
No items available.
